000
00260nam a2200097Ia 4500
001
797471
005
20250826170808.0
008
250824s9999 xx 000 0 und d
245
0
_a
BAŞLANGIÇLARIN SONSUZ MUTLULUĞU
_c
AYKUT ERTUĞRUL
260
_b
KETEBE YAYINLARI
999
_c
797471
_d
797471